Como nace un hospital / (Record no. 21123)

MARC details
000 -CABECERA
campo de control de longitud fija 00671nam a2200229 4500
003 - IDENTIFICADOR DEL NÚMERO DE CONTROL
campo de control OSt
005 - FECHA Y HORA DE LA ÚLTIMA TRANSACCIÓN
campo de control 20260601193524.0
008 - DATOS DE LONGITUD FIJA--INFORMACIÓN GENERAL
campo de control de longitud fija 260420b1987 mx |||| |||| 00| 0 spa d
020 ## - NÚMERO INTERNACIONAL ESTÁNDAR DEL LIBRO
Número Internacional Estándar del Libro 9688243310
040 ## - FUENTE DE LA CATALOGACIÓN
Centro catalogador/agencia de origen ICI
Lengua de catalogación spa
Centro/agencia transcriptor ICI
050 ## - SIGNATURA TOPOGRÁFICA DE LA BIBLIOTECA DEL CONGRESO
Número de clasificación RA967
Número de documento/Ítem E77
100 ## - ENTRADA PRINCIPAL--NOMBRE DE PERSONA
Nombre de persona Esteves Corona, Jose Luis,
9 (RLIN) 35507
245 #1 - MENCIÓN DE TÍTULO
Título Como nace un hospital /
Mención de responsabilidad, etc. Jose Luis esteves Corona
264 ## - PRODUCCIÓN, PUBLICACIÓN, DISTRIBUCIÓN, FABRICACIÓN Y COPYRIGHT
Nombre del de productor, editor, distribuidor, fabricante IMSS
Fecha de producción, publicación, distribución, fabricación o copyright c1987
Producción, publicación, distribución, fabricación y copyright México :
300 ## - DESCRIPCIÓN FÍSICA
Extensión 205 páginas
336 ## - TIPO DE CONTENIDO
Término de tipo de contenido texto
Fuente rdacontent
337 ## - TIPO DE MEDIO
Nombre/término del tipo de medio sin medio
Fuente rdamedia
338 ## - TIPO DE SOPORTE
Nombre/término del tipo de soporte volumen
Fuente rdacarrier
650 ## - PUNTO DE ACCESO ADICIONAL DE MATERIA--TÉRMINO DE MATERIA
Término de materia o nombre geográfico como elemento de entrada Edificios sanitarios
Subdivisión general Diseño y construcción
9 (RLIN) 35508
650 ## - PUNTO DE ACCESO ADICIONAL DE MATERIA--TÉRMINO DE MATERIA
Término de materia o nombre geográfico como elemento de entrada Hospitales
Subdivisión general Administración
9 (RLIN) 35509
942 ## - ELEMENTOS DE PUNTO DE ACCESO ADICIONAL (KOHA)
Fuente del sistema de clasificación o colocación Library of Congress Classification
Tipo de ítem Koha Libros

No items available.